Fundamental methods of mathematical economics (Record no. 9887)

MARC details
000 -LEADER
fixed length control field 00570cam a2200205ua 4500
001 - CONTROL NUMBER
control field 10986
005 - DATE AND TIME OF LATEST TRANSACTION
control field 20260515114701.0
008 - FIXED-LENGTH DATA ELEMENTS--GENERAL INFORMATION
fixed length control field 190706n ii |||gr||||Z||||||eng
020 ## - INTERNATIONAL STANDARD BOOK NUMBER
International Standard Book Number 9781259097348
040 ## - CATALOGING SOURCE
Transcribing agency MAIN
082 ## - DEWEY DECIMAL CLASSIFICATION NUMBER
Classification number 330.015195
100 ## - MAIN ENTRY--PERSONAL NAME
Personal name Alpha C Chiang,
Relator term Author.
245 ## - TITLE STATEMENT
Title Fundamental methods of mathematical economics
Statement of responsibility, etc. By Alpha C Chiang and Kevin wainwright
250 ## - EDITION STATEMENT
Edition statement 4th ed.
260 ## - PUBLICATION, DISTRIBUTION, ETC.
Place of publication, distribution, etc. Chennai:
Name of publisher, distributor, etc. Mcgraw hill education pvt ltd,
Date of publication, distribution, etc. 2017.
300 ## - PHYSICAL DESCRIPTION
Extent 688p.
653 ## - INDEX TERM--UNCONTROLLED
Uncontrolled term Economics
700 ## - ADDED ENTRY--PERSONAL NAME
Personal name Kevin Wainwright,
Relator term Author.
942 ## - ADDED ENTRY ELEMENTS (KOHA)
Koha item type Books
Holdings
Withdrawn status Lost status Damaged status Not for loan Home library Current library Shelving location Date acquired Total checkouts Full call number Barcode Date last seen Copy number Price effective from Koha item type
        Naharkatiya College Library Naharkatiya College Library General stacks 09/19/2020   330.015195Mathematical economics | CHI 27446 09/19/2020 1 09/19/2020 Books